Every Song by D.R.I. - Statistics

General Stats
  • This quiz has been taken 4 times
  • The average score is 17 of 119
Answer Stats
Album Song % Correct
Thrash Zone(1989) Beneath the Wheel
100%
Violent Pacification(1984) Violent Pacification
100%
Definition(1992) You
100%
Thrash Zone(1989) You Say I'm Scum
100%
Thrash Zone(1989) Abduction
50%
Dirty Rotten LP(1983) Capitalist Suck
50%
Dealing with It!(1985) Equal People
50%
Dealing with It!(1985) Give My Taxes Back
50%
Crossover(1987) Go Die!
50%
Thrash Zone(1989) Gun Control
50%
Definition(Bonus)(1992) Hide Your Eyes
50%
Crossover(1987) Hooked
50%
Crossover(1987) I.D.K.Y.
50%
Full Speed Ahead(1995) I'm the Liar
50%
Thrash Zone(1989) Kill the Words
50%
4 of a Kind(1988) Manifest Destiny
50%
4 of a Kind(1988) Man Unkind
50%
Dealing with It!(1985) Nursing Home Blues
50%
Definition(Bonus)(1992) Out of Mind
50%
Crossover(1987) Probation
50%
Full Speed Ahead(1995) Problem Addict
50%
Dirty Rotten LP(1983) Reaganomics
50%
Dealing with It!(1985) Stupid, Stupid War
50%
4 of a Kind(1988) Suit and Tie Guy
50%
Definition(1992) The Application
50%
4 of a Kind(1988) Think for Yourself
50%
Thrash Zone(1989) Thrashard
50%
Dirty Rotten LP(1983) Why
50%
Thrash Zone(1989) Worker Bee
50%
Definition(1992) Acid Rain
0%
Crossover(1987) A Coffin
0%
But Wait... There's More!(2016) Against Me
0%
4 of a Kind(1988) All for Nothing
0%
But Wait... There's More!(2016) Anonymity
0%
Dealing with It!(1985) Argument Then War
0%
But Wait... There's More!(2016) As Seen on TV
0%
Dealing with It!(1985) Bail Out
0%
Dirty Rotten LP(1983) Balance of Terror
0%
Dirty Rotten LP(1983) Blockhead
0%
Full Speed Ahead(1995) Broke
0%
Dirty Rotten LP(1983) Busted
0%
Dealing with It!(1985) Busted Again
0%
Dirty Rotten LP(1983) Closet Punk
0%
Dirty Rotten LP(1983) Commuter Man
0%
Dealing with It!(1985) Couch Slouch
0%
Dealing with It!(1985) Counter Attack
0%
4 of a Kind(1988) Dead in a Ditch
0%
Full Speed Ahead(1995) Dead Meat
0%
Crossover(1987) Decisions
0%
Dirty Rotten LP(1983) Dennis's Problem
0%
Live at CBGB's 1984(2005) First Round Draft Choice
0%
Dealing with It!(1985) I'd Rather Be Sleeping
0%
Definition(1992) Don't Ask
0%
4 of a Kind(1988) Do the Dream
0%
Full Speed Ahead(1995) Down to the Wire
0%
Dirty Rotten LP(1983) Draft Me
0%
Full Speed Ahead(1995) Drawn and Quartered
0%
Thrash Zone(1989) Drown You Out
0%
Definition(1992) Dry Heaves
0%
Thrash Zone(1989) Enemy Within
0%
Dealing with It!(1985) Evil Minds
0%
Dirty Rotten LP(1983) F.D.R.C.
0%
Crossover(1987) Fun and Games
0%
Full Speed Ahead(1995) Girl with a Gun
0%
Thrash Zone(1989) Give a Hoot
0%
Dealing with It!(1985) God Is Broke
0%
4 of a Kind(1988) Gone Too Long
0%
Definition(1992) Guilt Trip
0%
Definition(1992) Hardball
0%
Dealing with It!(1985) How to Act
0%
Dirty Rotten LP(1983) Human Waste
0%
Dirty Rotten LP(1983) I Don't Need Society
0%
Dealing with It!(1985) Karma
0%
Thrash Zone(1989) Labeled Uncurable
0%
Definition(1992) Let It Go
0%
Full Speed Ahead(1995) Level 7
0%
Dealing with It!(1985) Mad Man
0%
Dealing with It!(1985) Marriage
0%
Dirty Rotten LP(1983) Misery Loves Company
0%
4 of a Kind(1988) Modern World
0%
Dirty Rotten LP(1983) Money Stinks
0%
Dirty Rotten LP(1983) My Fate to Hate
0%
Full Speed Ahead(1995) No End
0%
Crossover(1987) No Religion
0%
Dirty Rotten LP(1983) No Sense
0%
Crossover(1987) Oblivion
0%
Dealing with It!(1985) On My Way Home
0%
Crossover(1987) Outro
0%
Definition(1992) Paying to Play
0%
Dirty Rotten LP(1983) Plastique
0%
Crossover(1987) Redline
0%
Violent Pacification(1984) Running Around
0%
Dirty Rotten LP(1983) Sad to Be
0%
Definition(1992) Say It
0%
Dealing with It!(1985) Shame
0%
4 of a Kind(1988) Shut-Up!
0%
Dealing with It!(1985) Slit My Wrist
0%
4 of a Kind(1988) Slumlord
0%
Dealing with It!(1985) Snap
0%
Dealing with It!(1985) Soup Kitchen
0%
Thrash Zone(1989) Standing in Line
0%
Thrash Zone(1989) Strategy
0%
Full Speed Ahead(1995) Sucker
0%
Full Speed Ahead(1995) Syringes in the Sandbox
0%
Crossover(1987) Tear it Down
0%
Dealing with It!(1985) The Explorer
0%
Crossover(1987) The Five Year Plan
0%
Definition(1992) The Target
0%
Thrash Zone(1989) The Trade
0%
Full Speed Ahead(1995) They Don't Care
0%
Definition(1992) Time Out
0%
Definition(1992) Tone Deaf
0%
Violent Pacification(1984) To Open Closed Doors
0%
Full Speed Ahead(1995) Underneath the Surface
0%
Full Speed Ahead(1995) Under the Overpass
0%
Full Speed Ahead(1995) Wages of Sin
0%
Dirty Rotten LP(1983) War Crimes
0%
Dirty Rotten LP(1983) Who Am I
0%
Dirty Rotten LP(1983) Yes Ma'am
0%
No matching quizzes found
Score Distribution
Percent of People with Each Score
Percentile by Number Answered
Your Score History
You have not taken this quiz